[Event "17. European Women's Championship 2016"]
[Site "Mamaia ROU"]
[Date "2016.05.31"]
[Round "5.53"]
[White "Narva, Regina"]
[Black "Gevorgyan, Maria"]
[Result "0-1"]
[WhiteElo "2019"]
[BlackElo "2257"]
[PlyCount "98"]
[EventDate "2016.05.27"]
[EventType "swiss"]
[EventRounds "11"]
[EventCountry "ROU"]
[Source "lmi"]
[SourceDate "2016.05.26"]

1. e4 e5 2. Nc3 Nc6 3. g3 Bc5 4. Bg2 a6 5. Nge2 Nge7 6. d3 d6 7. O-O Be6 8. Kh1
h5 9. f4 Bg4 10. h3 Nd4 11. Qd2 Nxe2 12. Nxe2 h4 13. Kh2 hxg3+ 14. Nxg3 Ng6 15.
fxe5 dxe5 16. Qg5 Qxg5 17. Bxg5 f6 18. Bc1 Nh4 19. Bh1 Be6 20. Nf5 Kf7 21. Kg3
g5 22. Bd2 Ng6 23. Bf3 Bxf5 24. exf5 Nf4 25. Rh1 c6 26. Rae1 Rad8 27. a3 Rh4
28. Bg4 Nxd3 29. Rd1 Nf2 30. Bb4 Nxh1+ 31. Rxh1 Bxb4 32. axb4 Rd4 33. Re1 Rxb4
34. b3 Rh8 35. Re2 Rd8 36. Kf3 Rf4+ 37. Kg3 c5 38. Rg2 Ke7 39. Re2 c4 40. Re3
b5 41. b4 Rf1 42. Bf3 Rd2 43. Bb7 Rxf5 44. Bxa6 Rff2 45. Bxb5 Rg2+ 46. Kf3
Rdf2+ 47. Ke4 Kd6 48. Bxc4 f5+ 49. Kd3 Rxc2 0-1

[Event "17. European Women's Championship 2016"]
[Site "Mamaia ROU"]
[Date "2016.05.31"]
[Round "5.54"]
[White "Sazonova, Anastasia"]
[Black "Utiatskaja, Irina"]
[Result "1-0"]
[WhiteElo "2085"]
[BlackElo "2181"]
[PlyCount "59"]
[EventDate "2016.05.27"]
[EventType "swiss"]
[EventRounds "11"]
[EventCountry "ROU"]
[Source "lmi"]
[SourceDate "2016.05.26"]

1. d4 Nf6 2. c4 g6 3. Nc3 Bg7 4. e4 d6 5. Be2 O-O 6. Bg5 c5 7. d5 h6 8. Be3 a6
9. a4 e6 10. Qd2 Qa5 11. Nf3 b5 12. cxb5 axb5 13. Bxb5 Nxe4 14. Nxe4 Qxb5 15.
axb5 Rxa1+ 16. Ke2 Rxh1 17. Bxh6 exd5 18. Bxg7 Kxg7 19. Nxd6 d4 20. Qf4 Be6 21.
Ng5 Nd7 22. Qe4 d3+ 23. Qxd3 Rxh2 24. Nxe6+ fxe6 25. Ne8+ Kh8 26. Qxd7 Rh7 27.
Qc6 Rhf7 28. f3 g5 29. b6 g4 30. b7 1-0

[Event "17. European Women's Championship 2016"]
[Site "Mamaia ROU"]
[Date "2016.05.31"]
[Round "5.55"]
[White "Grigoryan, Meri"]
[Black "Cosman, Andreea-Marioara"]
[Result "1/2-1/2"]
[WhiteElo "2016"]
[BlackElo "2101"]
[PlyCount "156"]
[EventDate "2016.05.27"]
[EventType "swiss"]
[EventRounds "11"]
[EventCountry "ROU"]
[Source "lmi"]
[SourceDate "2016.05.26"]

1. d4 Nf6 2. Nf3 c5 3. c3 b6 4. g3 Bb7 5. Bg2 e6 6. O-O Be7 7. Nbd2 O-O 8. b3
Ne4 9. Bb2 d6 10. Nxe4 Bxe4 11. Nd2 Bxg2 12. Kxg2 Nc6 13. e4 d5 14. e5 b5 15.
f4 Qb6 16. Nf3 b4 17. Rc1 bxc3 18. Bxc3 Rac8 19. Bb2 c4 20. Rf2 Na5 21. Bc3 Bb4
22. Bxb4 Qxb4 23. bxc4 Nxc4 24. Qe1 Qa3 25. Kh3 Qd3 26. Rc3 Qf5+ 27. Kg2 Rb8
28. Rfc2 Rb4 29. Nh4 Qh5 30. Rb3 Rbb8 31. Nf3 Qf5 32. Rbc3 h6 33. Nh4 Qh7 34.
Nf3 Rb6 35. Nd2 Nxd2 36. Qxd2 Qe4+ 37. Kh3 Kh7 38. Re3 Qf5+ 39. Kg2 Rfb8 40.
Qd3 Qxd3 41. Rxd3 Ra6 42. Kf3 Kg6 43. Rdc3 Rb4 44. Rd2 Rba4 45. g4 f5 46. exf6
Kxf6 47. h4 Rxa2 48. Rdd3 Rh2 49. Kg3 Re2 50. Ra3 Ra2 51. Rac3 R2a4 52. g5+ Kg6
53. gxh6 gxh6 54. Kg4 h5+ 55. Kf3 Rc4 56. Rxc4 dxc4 57. Re3 Rc6 58. Ke2 Kf5 59.
Re5+ Kxf4 60. Rxh5 Ke4 61. Rc5 Rd6 62. Rxc4 Rxd4 63. Rc6 e5 64. Ra6 Rd7 65. h5
Kf4 66. h6 Rh7 67. Ra4+ e4 68. Ra6 Rb7 69. Rf6+ Kg5 70. Ra6 Kf4 71. Rf6+ Ke5
72. Ra6 Rb2+ 73. Ke3 Rb3+ 74. Ke2 Rh3 75. Rxa7 Rxh6 76. Re7+ Kf5 77. Rf7+ Ke6
78. Ra7 Kd5 1/2-1/2

[Event "17. European Women's Championship 2016"]
[Site "Mamaia ROU"]
[Date "2016.05.31"]
[Round "5.56"]
[White "Milak, Adela"]
[Black "Pancu, Aureliana-Eugenia"]
[Result "0-1"]
[WhiteElo "1677"]
[BlackElo "1841"]
[PlyCount "94"]
[EventDate "2016.05.27"]
[EventType "swiss"]
[EventRounds "11"]
[EventCountry "ROU"]
[Source "lmi"]
[SourceDate "2016.05.26"]

1. d4 Nf6 2. c4 g6 3. Nc3 d5 4. cxd5 Nxd5 5. e4 Nxc3 6. bxc3 Bg7 7. Ne2 O-O 8.
Ba3 b6 9. Rc1 Bb7 10. Qc2 Nd7 11. Ng3 c5 12. d5 Qc7 13. Be2 a6 14. h4 Be5 15.
Qd3 Bf4 16. c4 Bxg3 17. fxg3 Ne5 18. Qc3 Bc8 19. Bb2 f6 20. O-O h5 21. Rf4 Bd7
22. Qe3 Kg7 23. Rc2 Qd6 24. Bc1 Rh8 25. Bb2 Rac8 26. Rc1 Rhd8 27. Rcf1 b5 28.
g4 hxg4 29. Bxe5 Qxe5 30. Bxg4 Bxg4 31. Rxg4 bxc4 32. Rd1 e6 33. Rf4 exd5 34.
g4 d4 35. Qf3 d3 36. g5 Rd6 37. h5 Qxg5+ 38. Kf2 Qxh5 39. Rg4 Qh2+ 40. Rg2 Qe5
41. Qg4 f5 42. Qg5 Qd4+ 43. Kf1 Qf6 44. Qe3 fxe4+ 45. Rf2 Qd4 46. Qf4 Qxf2+ 47.
Qxf2 Rf6 0-1

[Event "17. European Women's Championship 2016"]
[Site "Mamaia ROU"]
[Date "2016.06.01"]
[Round "6.2"]
[White "Paehtz, Elisabeth"]
[Black "Atalik, Ekaterina"]
[Result "1/2-1/2"]
[WhiteElo "2489"]
[BlackElo "2408"]
[PlyCount "27"]
[EventDate "2016.05.27"]
[EventType "swiss"]
[EventRounds "11"]
[EventCountry "ROU"]
[Source "lmi"]
[SourceDate "2016.05.26"]

1. d4 d5 2. c4 e6 3. Nf3 Nf6 4. g3 Bb4+ 5. Bd2 Bd6 6. Nc3 c6 7. Qc2 Nbd7 8. e4
Nxe4 9. Nxe4 dxe4 10. Qxe4 Qe7 11. O-O-O Nf6 12. Qc2 b6 13. Bd3 Bb7 14. Rhe1
1/2-1/2

[Event "17. European Women's Championship 2016"]
[Site "Mamaia ROU"]
[Date "2016.06.01"]
[Round "6.3"]
[White "Gaponenko, Inna"]
[Black "Goryachkina, Aleksandra"]
[Result "1/2-1/2"]
[WhiteElo "2415"]
[BlackElo "2485"]
[PlyCount "39"]
[EventDate "2016.05.27"]
[EventType "swiss"]
[EventRounds "11"]
[EventCountry "ROU"]
[Source "lmi"]
[SourceDate "2016.05.26"]

1. e4 c5 2. Nf3 Nc6 3. d4 cxd4 4. Nxd4 Nf6 5. Nc3 e5 6. Ndb5 d6 7. Bg5 a6 8.
Na3 b5 9. Nd5 Be7 10. Bxf6 Bxf6 11. c3 Bg5 12. Nc2 Rb8 13. a4 bxa4 14. Ncb4
Nxb4 15. Nxb4 Bd7 16. Bxa6 Qa5 17. Qxd6 Rb6 18. Qd3 Be7 19. Nd5 Rxb2 20. O-O
1/2-1/2

[Event "17. European Women's Championship 2016"]
[Site "Mamaia ROU"]
[Date "2016.06.01"]
[Round "6.4"]
[White "Bodnaruk, Anastasia"]
[Black "Arakhamia-Grant, Ketevan"]
[Result "1/2-1/2"]
[WhiteElo "2475"]
[BlackElo "2364"]
[PlyCount "156"]
[EventDate "2016.05.27"]
[EventType "swiss"]
[EventRounds "11"]
[EventCountry "ROU"]
[Source "lmi"]
[SourceDate "2016.05.26"]

1. e4 c5 2. Nf3 Nc6 3. d4 cxd4 4. Nxd4 e5 5. Nb5 d6 6. N1c3 a6 7. Na3 Be7 8.
Nc4 b5 9. Ne3 Nf6 10. Bd3 O-O 11. O-O Nb4 12. Be2 Be6 13. Bf3 Rc8 14. g3 Qd7
15. a3 Nc6 16. Ncd5 Bd8 17. c3 Rb8 18. Re1 a5 19. b4 Bxd5 20. Nxd5 Nxd5 21.
Qxd5 Ne7 22. Qd3 Bb6 23. Be3 Bxe3 24. Rxe3 Rfc8 25. Rd1 Rc6 26. Qd2 h6 27. Rd3
Rd8 28. Be2 axb4 29. axb4 Ra6 30. Rf3 Rda8 31. Rd3 Rd8 32. f4 exf4 33. gxf4 Qe6
34. Rg3 Qxe4 35. Bxb5 Ra3 36. Bd3 Qe6 37. Re1 Qf6 38. Qe3 Kf8 39. Qe4 g6 40. c4
Nf5 41. Rh3 Qb2 42. Qe2 Qxe2 43. Rxe2 Nd4 44. Re4 Ne6 45. Bf1 Ra4 46. Rxh6 Kg7
47. Rh3 Rxb4 48. Rhe3 Ra8 49. Kf2 Raa4 50. Kf3 Kf6 51. h4 Ng7 52. Rc3 Nf5 53.
Re1 Nxh4+ 54. Ke4 Nf5 55. Rd1 Rb8 56. Bh3 Re8+ 57. Kf3 Ra6 58. Rcd3 Re6 59.
Bxf5 Kxf5 60. Rd5+ Kf6 61. Kg4 Ke7 62. c5 dxc5 63. Rxc5 Kf6 64. Rd7 Rad6 65.
Rxd6 Rxd6 66. Rc4 Ra6 67. Rb4 Ra5 68. Rb6+ Kg7 69. Rb7 Ra4 70. Rc7 Re4 71. Ra7
Re1 72. Rb7 Kf6 73. Rb6+ Kg7 74. Rb7 Re3 75. Ra7 Rb3 76. Rc7 Rb5 77. Ra7 Rf5
78. Ra6 Rf6 1/2-1/2

[Event "17. European Women's Championship 2016"]
[Site "Mamaia ROU"]
[Date "2016.06.01"]
[Round "6.5"]
[White "Ushenina, Anna"]
[Black "Foisor, Cristina-Adela"]
[Result "1-0"]
[WhiteElo "2450"]
[BlackElo "2322"]
[PlyCount "157"]
[EventDate "2016.05.27"]
[EventType "swiss"]
[EventRounds "11"]
[EventCountry "ROU"]
[Source "lmi"]
[SourceDate "2016.05.26"]

1. e4 c6 2. d4 d5 3. e5 g6 4. h4 h5 5. c3 Nh6 6. Bf4 a5 7. Nf3 Na6 8. Na3 Nc7
9. Nc2 Bg4 10. Ne3 Ne6 11. Bh2 Qb6 12. Rb1 Nf5 13. Nxg4 hxg4 14. Nd2 Rxh4 15.
g3 Rh7 16. Qxg4 Bh6 17. Nf3 O-O-O 18. Bd3 Rdh8 19. Kf1 Kd8 20. Bg1 Nfg7 21. Ne1
Nf8 22. Qf3 Nge6 23. Rh4 Qc7 24. Nc2 Qd7 25. Qg4 Ng7 26. Qxd7+ Kxd7 27. Kg2
Nfe6 28. f3 Nf5 29. Rh3 Bf8 30. Rxh7 Rxh7 31. Rd1 Rh8 32. Bf2 Kc7 33. f4 Kd7
34. Ne1 Kc7 35. Nc2 Kd7 36. Ne3 Nxe3+ 37. Bxe3 Ng7 38. g4 e6 39. b3 Kc7 40. c4
Be7 41. Rc1 Kb8 42. Bd2 Bb4 43. Be3 Be7 44. Bf2 Ba3 45. Rc2 Be7 46. Bg3 Bh4 47.
Bh2 Bd8 48. Rc1 Rh4 49. Be2 Bb6 50. Rd1 Bd8 51. Bg3 Rh8 52. Be1 Ka7 53. a3 Kb8
54. Rc1 Bb6 55. c5 Bd8 56. b4 axb4 57. axb4 f5 58. exf6 Bxf6 59. Bf2 g5 60.
fxg5 Bxg5 61. Bg3+ Kc8 62. Ra1 Ne8 63. Ra8+ Kd7 64. Rb8 Bd8 65. Rxb7+ Bc7 66.
b5 cxb5 67. Bxb5+ Kc8 68. Ba6 Kd7 69. Ra7 Kc6 70. Bc8 Rh7 71. Bxe6 Re7 72. Bc8
Kb5 73. g5 Rg7 74. Ba6+ Kb4 75. Be1+ Kb3 76. Bb5 Bd8 77. Rxg7 Nxg7 78. g6 Bf6
79. Bd7 1-0

[Event "17. European Women's Championship 2016"]
[Site "Mamaia ROU"]
[Date "2016.06.01"]
[Round "6.6"]
[White "Lomineishvili, Maia"]
[Black "Javakhishvili, Lela"]
[Result "1/2-1/2"]
[WhiteElo "2367"]
[BlackElo "2493"]
[PlyCount "37"]
[EventDate "2016.05.27"]
[EventType "swiss"]
[EventRounds "11"]
[EventCountry "ROU"]
[Source "lmi"]
[SourceDate "2016.05.26"]

1. d4 Nf6 2. c4 e6 3. Nf3 d5 4. Nc3 Bb4 5. Bg5 h6 6. Bxf6 Qxf6 7. e3 O-O 8. Rc1
dxc4 9. Bxc4 c5 10. O-O cxd4 11. Ne4 Qe7 12. a3 Ba5 13. Qxd4 Nc6 14. Qd6 Qxd6
15. Nxd6 Rd8 16. Rfd1 a6 17. b4 Bc7 18. Nxc8 Raxc8 19. Rxd8+ 1/2-1/2

[Event "17. European Women's Championship 2016"]
[Site "Mamaia ROU"]
[Date "2016.06.01"]
[Round "6.7"]
[White "Arabidze, Meri"]
[Black "Pogonina, Natalija"]
[Result "1/2-1/2"]
[WhiteElo "2363"]
[BlackElo "2490"]
[PlyCount "61"]
[EventDate "2016.05.27"]
[EventType "swiss"]
[EventRounds "11"]
[EventCountry "ROU"]
[Source "lmi"]
[SourceDate "2016.05.26"]

1. d4 Nf6 2. c4 e6 3. g3 d5 4. Bg2 Bb4+ 5. Bd2 Be7 6. Nf3 O-O 7. O-O c6 8. Qc2
Nbd7 9. Bf4 b6 10. Rd1 Bb7 11. Ne5 Nh5 12. Be3 Nhf6 13. Bf4 Nh5 14. Bc1 Nhf6
15. cxd5 cxd5 16. Nc6 Bxc6 17. Qxc6 Rc8 18. Qa4 Qc7 19. Nc3 Qb7 20. Qb3 a6 21.
a4 Nb8 22. a5 b5 23. e4 dxe4 24. Bg5 Nc6 25. Bxf6 Bxf6 26. Nxe4 Be7 27. Nc5 Qa7
28. Nxe6 fxe6 29. Qxe6+ Kh8 30. Bxc6 Bf6 31. Qe4 1/2-1/2

[Event "17. European Women's Championship 2016"]
[Site "Mamaia ROU"]
[Date "2016.06.01"]
[Round "6.8"]
[White "Socko, Monika"]
[Black "Lazarne Vajda, Szidonia"]
[Result "1-0"]
[WhiteElo "2469"]
[BlackElo "2345"]
[PlyCount "59"]
[EventDate "2016.05.27"]
[EventType "swiss"]
[EventRounds "11"]
[EventCountry "ROU"]
[Source "lmi"]
[SourceDate "2016.05.26"]

1. e4 e5 2. Nf3 Nc6 3. Bc4 Bc5 4. O-O Nf6 5. d3 O-O 6. c3 a6 7. Nbd2 Ba7 8. Re1
d6 9. Bb3 Be6 10. Nf1 Ng4 11. Ne3 Nxe3 12. Bxe3 Bxe3 13. Rxe3 Bxb3 14. Qxb3 Na5
15. Qd1 c5 16. d4 Qb6 17. dxc5 dxc5 18. Nxe5 Qxb2 19. Nd7 Rfe8 20. Rb1 Qxa2 21.
Ra1 Qb3 22. Qh5 Re6 23. e5 Nc4 24. Rf3 Rg6 25. e6 Nd6 26. Nxc5 Qb2 27. Rd1 fxe6
28. Qe5 Nf7 29. Qc7 Rf8 30. Qxf7+ 1-0

[Event "17. European Women's Championship 2016"]
[Site "Mamaia ROU"]
[Date "2016.06.01"]
[Round "6.9"]
[White "Mkrtchian, Lilit"]
[Black "Mammadzada, Gunay"]
[Result "1-0"]
[WhiteElo "2434"]
[BlackElo "2318"]
[PlyCount "111"]
[EventDate "2016.05.27"]
[EventType "swiss"]
[EventRounds "11"]
[EventCountry "ROU"]
[Source "lmi"]
[SourceDate "2016.05.26"]

1. Nf3 d5 2. g3 Nf6 3. c4 c6 4. b3 Bg4 5. Bb2 Nbd7 6. Bg2 e6 7. O-O Bd6 8. Na3
O-O 9. d3 a5 10. Nc2 b5 11. Ne3 Bxf3 12. exf3 Qb6 13. Rb1 Rfe8 14. f4 b4 15. d4
Bf8 16. f5 Rad8 17. fxe6 fxe6 18. Qc2 Qb8 19. Rbc1 Nb6 20. c5 Na8 21. f4 Nc7
22. Nd1 Nb5 23. Nf2 Qc7 24. Rfe1 Re7 25. Re2 g6 26. Rce1 Rde8 27. Qd3 Bg7 28.
Nh3 Nd7 29. Ng5 Nf8 30. h4 h6 31. Nf3 a4 32. bxa4 Nc3 33. Bxc3 bxc3 34. Qxc3
Qa7 35. a5 Ra8 36. Bh3 Kf7 37. Ne5+ Bxe5 38. fxe5 Qxa5 39. Rf1+ Kg8 40. Qxa5
Rxa5 41. Rb2 Rf7 42. Rxf7 Kxf7 43. Bg4 Ra3 44. Kf2 Rd3 45. Rb4 Rd2+ 46. Be2 g5
47. hxg5 hxg5 48. Ra4 Ke7 49. Ke3 Rb2 50. Ra7+ Nd7 51. a4 Rb3+ 52. Bd3 Kd8 53.
a5 Rb2 54. a6 Rg2 55. Ra8+ Kc7 56. Rg8 1-0

[Event "17. European Women's Championship 2016"]
[Site "Mamaia ROU"]
[Date "2016.06.01"]
[Round "6.11"]
[White "Melia, Salome"]
[Black "Zimina, Olga"]
[Result "1/2-1/2"]
[WhiteElo "2409"]
[BlackElo "2361"]
[PlyCount "35"]
[EventDate "2016.05.27"]
[EventType "swiss"]
[EventRounds "11"]
[EventCountry "ROU"]
[Source "lmi"]
[SourceDate "2016.05.26"]

1. e4 e5 2. Nf3 Nc6 3. Bc4 Bc5 4. c3 Nf6 5. d3 O-O 6. O-O d6 7. Nbd2 Bb6 8. Bb3
Ne7 9. Nc4 Ng6 10. h3 h6 11. Re1 Be6 12. a4 c6 13. Nxb6 Qxb6 14. Bc2 Qc7 15.
Nh2 d5 16. Nf1 Rad8 17. Qe2 c5 18. Ng3 1/2-1/2

[Event "17. European Women's Championship 2016"]
[Site "Mamaia ROU"]
[Date "2016.06.01"]
[Round "6.12"]
[White "Daulyte, Deimante"]
[Black "Gara, Ticia"]
[Result "1/2-1/2"]
[WhiteElo "2392"]
[BlackElo "2352"]
[PlyCount "95"]
[EventDate "2016.05.27"]
[EventType "swiss"]
[EventRounds "11"]
[EventCountry "ROU"]
[Source "lmi"]
[SourceDate "2016.05.26"]

1. e4 c5 2. Nc3 e6 3. Nge2 a6 4. g3 Nc6 5. Bg2 Nf6 6. O-O Be7 7. d3 O-O 8. f4
d5 9. a4 Rb8 10. Kh1 b5 11. axb5 axb5 12. e5 Nd7 13. d4 b4 14. Na4 cxd4 15.
Nxd4 Nxd4 16. Qxd4 Ba6 17. Rf2 Bb5 18. Be3 Ra8 19. b3 Bxa4 20. Rxa4 Rxa4 21.
bxa4 Bc5 22. Qd2 Bxe3 23. Qxe3 Qb6 24. Qd2 Rc8 25. Rf1 Qc5 26. f5 Qxc2 27. Qxb4
Qc5 28. Qf4 Qc4 29. Qg5 Nxe5 30. fxe6 f6 31. Qf5 Qxa4 32. Bxd5 Qe8 33. Be4 Qg6
34. Qf4 Qe8 35. Bd5 Qe7 36. Rb1 Qc5 37. Be4 Ng6 38. Bxg6 hxg6 39. Qe4 f5 40.
Qb7 Kh7 41. e7 Re8 42. Re1 Qc3 43. Re2 Qd3 44. Re1 Qd2 45. Re5 Qd1+ 46. Kg2
Qd2+ 47. Kh1 Qd1+ 48. Kg2 1/2-1/2

[Event "17. European Women's Championship 2016"]
[Site "Mamaia ROU"]
[Date "2016.06.01"]
[Round "6.13"]
[White "Osmak, Iulija"]
[Black "Houska, Jovanka"]
[Result "1-0"]
[WhiteElo "2345"]
[BlackElo "2383"]
[PlyCount "121"]
[EventDate "2016.05.27"]
[EventType "swiss"]
[EventRounds "11"]
[EventCountry "ROU"]
[Source "lmi"]
[SourceDate "2016.05.26"]

1. e4 c6 2. d4 d5 3. e5 Bf5 4. Nf3 e6 5. Be2 Ne7 6. O-O h6 7. c3 Nd7 8. Na3 Qc7
9. Nc2 Bh7 10. Ne3 Nf5 11. Ne1 c5 12. Bd3 Nxe3 13. Bxe3 Bxd3 14. Nxd3 Be7 15.
Qg4 g6 16. Rac1 c4 17. Nf4 Nb6 18. Qe2 O-O-O 19. Qd2 Kb8 20. Ne2 Rdg8 21. g3
Ka8 22. Kg2 Qc6 23. h4 Bf8 24. h5 Nd7 25. hxg6 Rxg6 26. Nf4 Rgg8 27. Nh5 a6 28.
Bf4 Rg6 29. Rh1 Be7 30. Rce1 Qa4 31. a3 Qc6 32. Rh3 Ka7 33. f3 Qb5 34. Qc2 Nb6
35. g4 Bg5 36. Bc1 Na4 37. Re2 Rc8 38. Rh2 Rc6 39. Kh3 Rb6 40. f4 Be7 41. f5
exf5 42. Qxf5 Qe8 43. Qf3 Bg5 44. Bxg5 Rxg5 45. Nf6 Qc8 46. Kg3 Rb5 47. Qf4 Rg6
48. Kf3 Qd8 49. Qf5 Nb6 50. Qf4 Na4 51. Kg3 Qb6 52. Nd7 Qc7 53. Qxf7 Rbb6 54.
Qxd5 Qc8 55. e6 Qg8 56. Ne5 Rgxe6 57. Qxc4 h5 58. Qxa4 Rg6 59. Rxh5 Rbe6 60.
Qd1 Rgf6 61. d5 1-0

[Event "17. European Women's Championship 2016"]
[Site "Mamaia ROU"]
[Date "2016.06.01"]
[Round "6.14"]
[White "Zawadzka, Jolanta"]
[Black "Matnadze, Ana"]
[Result "1/2-1/2"]
[WhiteElo "2442"]
[BlackElo "2332"]
[PlyCount "91"]
[EventDate "2016.05.27"]
[EventType "swiss"]
[EventRounds "11"]
[EventCountry "ROU"]
[Source "lmi"]
[SourceDate "2016.05.26"]

1. e4 e5 2. Nf3 Nc6 3. Bb5 a6 4. Ba4 Nf6 5. O-O b5 6. Bb3 Be7 7. Qe2 O-O 8. c3
d6 9. Rd1 Bg4 10. h3 Bh5 11. d3 Na5 12. Bc2 c5 13. Nbd2 Ne8 14. Nf1 Nc7 15. Ng3
Bxf3 16. Qxf3 Bg5 17. d4 cxd4 18. cxd4 Nc6 19. dxe5 Nxe5 20. Qe2 Ne6 21. Be3 g6
22. Bb3 Bf4 23. Nf1 Rc8 24. g3 Bxe3 25. Nxe3 Re8 26. Nd5 h5 27. h4 Kg7 28. Kg2
Nc4 29. Rac1 Nc5 30. Bxc4 Rxe4 31. Ne3 bxc4 32. Rxc4 Qe7 33. b4 Rxc4 34. Nf5+
gxf5 35. Qxe7 Ne4 36. Qd7 Rc2 37. Rf1 Kg6 38. Kg1 R8c7 39. Qa4 Rb2 40. Qxa6
Rcc2 41. a3 Nxf2 42. Qxd6+ f6 43. Rxf2 Rxf2 44. Qd5 Rfd2 45. Qg8+ Kh6 46. Qh8+
1/2-1/2

[Event "17. European Women's Championship 2016"]
[Site "Mamaia ROU"]
[Date "2016.06.01"]
[Round "6.15"]
[White "Nikolova, Adriana"]
[Black "Nechaeva, Marina"]
[Result "0-1"]
[WhiteElo "2331"]
[BlackElo "2416"]
[PlyCount "118"]
[EventDate "2016.05.27"]
[EventType "swiss"]
[EventRounds "11"]
[EventCountry "ROU"]
[Source "lmi"]
[SourceDate "2016.05.26"]

1. e4 c6 2. d4 d5 3. e5 Bf5 4. Nf3 e6 5. Be2 c5 6. c3 Bg6 7. Nbd2 Nc6 8. O-O
cxd4 9. Nxd4 Nxe5 10. f4 Nc6 11. f5 exf5 12. Bb5 Bc5 13. N2b3 Bb6 14. Kh1 Nge7
15. Bg5 Qd7 16. Bxe7 Kxe7 17. Qf3 Rhd8 18. h4 h5 19. Rae1+ Kf8 20. Nxf5 Qxf5
21. Qxf5 Bxf5 22. Rxf5 g6 23. Rf6 Kg7 24. Ref1 Ne5 25. Nc1 Rf8 26. Nd3 Ng4 27.
R6f3 Rad8 28. Re1 d4 29. Re7 dxc3 30. bxc3 Rc8 31. Nf4 Kh6 32. Bd7 Rcd8 33. Nd5
Bc5 34. Rexf7 Rxf7 35. Rxf7 Ne5 36. Rf6 Rxd7 37. c4 Nxc4 38. Nf4 Ne5 39. Re6
Re7 40. Rxe7 Bxe7 41. g3 Kg7 42. Kg2 Kf6 43. Nd5+ Ke6 44. Nc7+ Kf5 45. Nb5 Bc5
46. Nc3 a6 47. a4 Bd4 48. Nd5 b5 49. axb5 axb5 50. Nf4 b4 51. Ne2 Ke4 52. Nc1
Be3 53. Nb3 Kd3 54. Kh3 Kc3 55. Na5 b3 56. Nxb3 Kxb3 57. Kg2 Kc3 58. Kf1 Kd2
59. Kg2 Ke2 0-1

[Event "17. European Women's Championship 2016"]
[Site "Mamaia ROU"]
[Date "2016.06.01"]
[Round "6.16"]
[White "Szczepkowska-Horowska, Karina"]
[Black "Pustovoitova, Daria"]
[Result "1-0"]
[WhiteElo "2411"]
[BlackElo "2304"]
[PlyCount "93"]
[EventDate "2016.05.27"]
[EventType "swiss"]
[EventRounds "11"]
[EventCountry "ROU"]
[Source "lmi"]
[SourceDate "2016.05.26"]

1. d4 d5 2. c4 c6 3. Nf3 Nf6 4. Nc3 e6 5. e3 Nbd7 6. Qc2 Bd6 7. Bd3 dxc4 8.
Bxc4 O-O 9. O-O a6 10. Rd1 b5 11. Bd3 Bb7 12. Ng5 h6 13. Nge4 Bc7 14. f4 Nd5
15. Qf2 f5 16. Nxd5 cxd5 17. Nd2 g5 18. Nf3 Qf6 19. Bd2 Bd6 20. Ne5 Qg7 21. Qe1
gxf4 22. exf4 Nxe5 23. fxe5 Be7 24. Bf4 Bg5 25. Qe3 Bxf4 26. Qxf4 Qg5 27. Rf1
Bc6 28. Rf3 Kh8 29. Raf1 Rg8 30. Qxg5 Rxg5 31. Rc1 Rc8 32. Be2 Rgg8 33. Rfc3
Bb7 34. Rc7 Rxc7 35. Rxc7 Rg7 36. Rc5 Rg8 37. Bh5 Rc8 38. Bf7 Rxc5 39. dxc5 Bc8
40. c6 Kg7 41. Bh5 Kf8 42. Kf2 Ke7 43. Ke3 Kd8 44. Kd4 Kc7 45. Kc5 b4 46. Be2
a5 47. Bb5 1-0

[Event "17. European Women's Championship 2016"]
[Site "Mamaia ROU"]
[Date "2016.06.01"]
[Round "6.18"]
[White "Ovod, Evgenija"]
[Black "Ziaziulkina, Nastassia"]
[Result "1/2-1/2"]
[WhiteElo "2329"]
[BlackElo "2396"]
[PlyCount "28"]
[EventDate "2016.05.27"]
[EventType "swiss"]
[EventRounds "11"]
[EventCountry "ROU"]
[Source "lmi"]
[SourceDate "2016.05.26"]

1. d4 d5 2. c4 c6 3. cxd5 cxd5 4. Bf4 Nc6 5. e3 Nf6 6. Nc3 Bg4 7. Qb3 Na5 8.
Qa4+ Bd7 9. Qc2 e6 10. Nf3 Nh5 11. Bg5 f6 12. Bh4 g5 13. Bg3 Nc6 14. Be2 g4
1/2-1/2

[Event "17. European Women's Championship 2016"]
[Site "Mamaia ROU"]
[Date "2016.06.01"]
[Round "6.19"]
[White "Vega Gutierrez, Sabrina"]
[Black "Abdulla, Khayala"]
[Result "1-0"]
[WhiteElo "2375"]
[BlackElo "2209"]
[PlyCount "89"]
[EventDate "2016.05.27"]
[EventType "swiss"]
[EventRounds "11"]
[EventCountry "ROU"]
[Source "lmi"]
[SourceDate "2016.05.26"]

1. e4 c5 2. Nf3 e6 3. b3 a6 4. c4 d6 5. d4 cxd4 6. Qxd4 Nf6 7. Nc3 Nc6 8. Qe3
Be7 9. Bb2 O-O 10. Be2 b6 11. O-O Bb7 12. Rfd1 Qc7 13. Rac1 Ne5 14. Nxe5 dxe5
15. Na4 Bc5 16. Nxc5 bxc5 17. Qg5 Nxe4 18. Bxe5 Nxg5 19. Bxc7 Ne4 20. Bf3 Rfc8
21. Ba5 Bc6 22. Rd3 Nf6 23. Rcd1 Bxf3 24. gxf3 Kf8 25. Rd6 Ke7 26. Rb6 Rcb8 27.
Rc6 Rc8 28. Rdd6 Rxc6 29. Rxc6 Nd7 30. Bc7 Ke8 31. Bd6 a5 32. Bxc5 Ne5 33. Rc7
a4 34. b4 Nxf3+ 35. Kh1 Nd2 36. Re7+ Kd8 37. Rxf7 Rc8 38. Rxg7 Nxc4 39. Rxh7
Rc6 40. h4 Ne5 41. h5 Nd3 42. Be3 Nxb4 43. h6 Rc4 44. Bg5+ Ke8 45. Re7+ 1-0

[Event "17. European Women's Championship 2016"]
[Site "Mamaia ROU"]
[Date "2016.06.01"]
[Round "6.20"]
[White "Kursova, Maria"]
[Black "Charochkina, Daria"]
[Result "1-0"]
[WhiteElo "2319"]
[BlackElo "2362"]
[PlyCount "75"]
[EventDate "2016.05.27"]
[EventType "swiss"]
[EventRounds "11"]
[EventCountry "ROU"]
[Source "lmi"]
[SourceDate "2016.05.26"]

1. d4 Nf6 2. Nf3 c5 3. d5 b5 4. Bg5 Qb6 5. a4 b4 6. a5 Qd6 7. c4 Ne4 8. Bh4 e6
9. Qd3 exd5 10. cxd5 Qg6 11. Qe3 f5 12. Nbd2 d6 13. Ng5 Kd7 14. Ngxe4 fxe4 15.
Qxe4 Bb7 16. O-O-O Na6 17. Qc4 Qh5 18. Nf3 h6 19. e4 Re8 20. Qc2 Nc7 21. a6 Ba8
22. Bg3 b3 23. Qc4 Rb8 24. Qa4+ Kc8 25. Bd3 Rb4 26. Qa5 Be7 27. e5 Rd8 28. Kb1
Bxd5 29. exd6 Rxd6 30. Qxc5 Rbb6 31. Bxd6 Bxd6 32. Qc3 Rc6 33. Qd4 Bxf3 34. Rc1
Qg4 35. Qxg4+ Bxg4 36. Rxc6 Kd7 37. Rcc1 Ne6 38. f3 1-0

[Event "17. European Women's Championship 2016"]
[Site "Mamaia ROU"]
[Date "2016.06.01"]
[Round "6.21"]
[White "Kiolbasa, Oliwia"]
[Black "Bulmaga, Irina"]
[Result "1/2-1/2"]
[WhiteElo "2319"]
[BlackElo "2360"]
[PlyCount "63"]
[EventDate "2016.05.27"]
[EventType "swiss"]
[EventRounds "11"]
[EventCountry "ROU"]
[Source "lmi"]
[SourceDate "2016.05.26"]

1. e4 e6 2. d4 d5 3. Nc3 Nf6 4. Bg5 Be7 5. e5 Nfd7 6. Bxe7 Qxe7 7. f4 O-O 8.
Nf3 c5 9. Qd2 Nc6 10. O-O-O cxd4 11. Nxd4 a6 12. h4 Nxd4 13. Qxd4 b5 14. h5 b4
15. Ne2 a5 16. Qe3 Bb7 17. Nd4 a4 18. Kb1 a3 19. b3 Nc5 20. Bd3 f6 21. h6 g6
22. Rhe1 f5 23. Qd2 Ne4 24. Bxe4 dxe4 25. Nb5 Bd5 26. Nd6 Rab8 27. Qe3 Rfd8 28.
Rg1 Qf8 29. Rh1 Qe7 30. Rhg1 Qf8 31. Rh1 Qe7 32. Rhg1 1/2-1/2